Eastern Roman Emperors Quiz Stats

 Plays Quiz Updated Feb 11, 2020

Support Sporcle.
Go Orange.
Score 0/94 Timer 15:00
2 Plays Today
Reigned Emperor % Correct
518-527Justin I
86.1%
641Constantine III
79.2%
565-578Justin II
78.4%
720-775Constantine V the Dung-named
78%
668-685Constantine IV
77.9%
776-797Constantine VI
77.2%
908-959Constantine VII
76.5%
1059-1067Constantine X Doukas
76.2%
1025-1028Constantine VIII
75.6%
1042-1055Constantine IX Monomachos
75.6%
1449-1453Constantine XI Palaiologos
75.5%
527-565Justinian I the Great
75.5%
685-695Justinian II the Slit-nosed
73.3%
705-711Justinian II the Slit-nosed
73.3%
969-976John I Tzimiskes
67.8%
1118-1143John II Komnenos the Beautiful
67.1%
1221-1254John III Doukas Vatatzes the Merciful
66.4%
1341-1376John V Palaiologos
66.2%
1379-1390John V Palaiologos
66.2%
1390-1391John V Palaiologos
66.2%
867-886Basil I the Macedonian
66.1%
1258-1261John IV Doukas Laskaris
66%
457-474Leo I the Thracian
65.9%
1347-1354John VI Kantakouzenos
65.5%
474Leo II
65.5%
811-813Michael I Rangabe
65%
1376-1379John VII Palaiologos
65%
1390John VII Palaiologos
64.9%
820-829Michael II the Amorian, the Stammerer
64.6%
842-867Michael III the Drunkard
64.3%
1416-1448John VIII Palaiologos
64.1%
976-1025Basil II the Bulgar Slayer, the Young
64%
Reigned Emperor % Correct
717-741Leo III the Isaurian, the Syrian
63.6%
1041-1042Michael V the Caulker
63.6%
1034-1041Michael IV the Paphlagonian
63.5%
1056-1057Michael VI Bringas the Warlike, the Old
63.3%
1067-1078Michael VII Doukas the Quarter-short
62.9%
775-780Leo IV the Khazar
62.8%
813-820Leo V the Armenian
62.5%
408-450Theodosius II the Calligrapher
62.4%
886-912Leo VI the Wise, the Philosopher
61.9%
1259-1282Michael VIII Palaiologos
61.9%
1294/5-1320Michael IX Palaiologos
60.3%
1122-1142Alexios Komnenos
60%
474-475Zeno
57.7%
476-491Zeno
57.7%
1081-1118Alexios I Komnenos
56.9%
1180-1183Alexios II Komnenos
56.1%
395-408Arcadius
55.8%
1203-1204Alexios IV Angelos
55.3%
1195-1203Alexios III Angelos
54.7%
912-913Alexander
54.7%
715-717Theodosius III
54.2%
1204Alexios V Doukas Murzuphlus
53.8%
797-802Irene of Athens
53.3%
1143-1180Manuel I Komnenos the Great
52.6%
610-641Heraclius
52.2%
1391-1425Manuel II Palaiologos
51.8%
1055-1056Theodora
51.2%
1057-1059Isaac I Komnenos
49.8%
1185-1195Isaac II Angelos
49.3%
1203-1204Isaac II Angelos
49.3%
641-668Constans II the Bearded
48.4%
802-811Nikephoros I the Bringer of Victory
48.2%
Reigned Emperor % Correct
1042Zoe
48%
963-969Nikephoros II Phokas
47.5%
920-944Romanos I Lekapenos
47.2%
959-963Romanos II
47.1%
574-582Tiberius II Constantine
46.8%
1028-1034Romanos III Argyros
46.3%
1067-1072Romanos IV Diogenes
45.8%
602-610Phocas the Tyrant
45.6%
1078-1081Nikephoros III Botaneiates
45%
1208-1221Theodore I Laskaris
44.7%
491-518Anastasius I the Two-pupiled
44.6%
1255-1258Theodore II Doukas Laskaris
44.2%
1183-1185Andronikos I Komnenos
44%
1272-1328Andronikos II Palaiologos
43.5%
582-602Maurice
43.1%
698-705Tiberius III
42.9%
1328-1340Andronikos III Palaiologos
42.8%
450-457Marcian
42.6%
713-715Anastasius II
42.4%
1352-1379Andronikos IV Palaiologos
41.9%
475-476Basiliscus
40.5%
1354-1357Matthew Kantakouzenos
36.5%
450-453Pulcheria
36.4%
641Heraklonas
33.8%
829-842Theophilus
33.7%
1204-1205Nikolaos Kanabos
33%
741/2-743Artabasdos the Icon-lover
30.5%
695-698Leontius
30.4%
711-713Philippicus
29.6%
803-812Stauracius
29.3%

From the Vault

Deepest Oceans and Seas

by SporcleAdmin

Three quarters of the earth's surface is covered with water, yet we have no Capitals of the Water quiz. Weird.
Remove Ads.
Support Sporcle.
Get the best of Sporcle when you Go Orange. This ad-free experience offers more features, more stats, and more fun while also helping to support Sporcle. Thank you for becoming a member.

Show Comments

Extras

Top Quizzes Today


Score Distribution

Your Account Isn't Verified!

In order to create a playlist on Sporcle, you need to verify the email address you used during registration. Go to your Sporcle Settings to finish the process.

Report this User

Report this user for behavior that violates our Community Guidelines.

Details: